000 00958nam a2200325Ia 4500
003 OSt
005 20220912144618.0
006 a|||||r|||| 00| 0
007 ta
008 220909b |||||||| |||| 00| 0 eng d
020 _a9789814440240 (hbk)
020 _aSL01560613
024 _a189204
037 _b951, 23/12/2013, New India Book Agency
037 _cTextbook
040 _aCSL
_beng
_cCSL
041 _aeng
082 _aB337-48, Q3 TB
100 _aLopez Gomez Julian
245 0 _aLinear second order elliptic operators
260 _aNew Jersey
_b World Scientific
_c2013
300 _axviii,337p.
500 _aReferences 319-330p.; Index 331-337p.
650 _a Elliptic operation
650 _aMathematics
700 _a Kanemitsu Shigeru
700 _aLopez Gomez Julian
942 _hB337-48, Q3 TB
_cTB
_2CC
999 _c13553
_d13553